000 00343nam a2200133Ia 4500
008 240624s9999 xx 000 0 und d
041 _aeng
082 _a332.024014 MIL
100 _aMILEVSKY MOSHE A
245 _aPENSIONIZE YOUR NEST EGG HOW TO USE PROD
260 _c2010
_aCanada
_bJohn Wiley & Sons
300 _a256 : p.
365 _c
_b30
999 _c20190
_d20190